| 000 | 00812nas a2200277 4500 | ||
|---|---|---|---|
| 001 | BR8903781 | ||
| 003 | BR-BrBNA | ||
| 005 | 20231205091637.0 | ||
| 007 | ta | ||
| 008 | 230509b bl.|||p| |||| 00| 00por d | ||
| 040 |
_aBR-BrBNA _bpor _cBiblioteca Nacional de Agricultura |
||
| 041 | _a(Pt) | ||
| 072 | _aE11 | ||
| 100 | 1 | _aFerreira, C.R.R.P.T. | |
| 100 | 1 | _aCamargo, A.M.M.P. | |
| 245 | 1 | _aAnalise do mercado de terras no estado de Sao Paulo, 1969 a 1986 | |
| 650 | _aTERRA | ||
| 650 | _aESTATUTO DA TERRA | ||
| 650 | _aUSO DA TERRA | ||
| 650 | _aANALISE ECONOMICA | ||
| 650 | _aREFORMA AGRARIA | ||
| 650 | _aSAO PAULO | ||
| 773 | 0 |
_tAgricultura em Sao Paulo (Brazil) _xISSN 0044-6793 _g(1987), v. 34(1-2) p. 29-75 _wBR8903781 |
|
| 909 |
_a202311 _bLúcia _c55 _dLúcia Elande |
||
| 942 |
_2AGRIS _n0 _cANA |
||
| 999 |
_c126389 _d126389 |
||